International financial markets and agricultural trade (Бичлэгийн дугаар. 146015)
| 000 -УДИРДЛАГА | |
|---|---|
| Удирдлага | 01011nam a22003017a 4500 |
| 003 - ХЯНАЛТЫН ТОО ТОДОРХОЙЛОГЧ | |
| Код | MN-UlNUM |
| 005 - БИЧИЛТ ХИЙСЭН ОГНОО | |
| Тухайн бичилтийг бичсэн засварласан сүүлийн огноо | 20251224125931.0 |
| 008 - ЕРӨНХИЙ МЭДЭЭЛЭЛ | |
| Ерөнхий мэдээлэл | 251224b xxu||||| |||| 00| 0 mon d |
| 020 ## - ISBN | |
| ISBN | 0813378117 |
| 040 ## - БИЧЛЭГ ҮҮСГЭГЧ БАЙГУУЛЛАГА | |
| Бичлэг үүсгэгч номын сангийн код | МУИС-ийн номын сан |
| 084 ## - ББК АНГИЛАЛ | |
| Нэмэлт тусгалт | Бусад |
| ББК ангилал | 65.42 |
| Зохиогчийн гурван тэмдэгт | I 69 |
| Мэдлэгийн ялгаа | 65 - Эдийн засаг |
| 245 00 - ҮНДСЭН ГАРЧИГ | |
| Номын нэр | International financial markets and agricultural trade |
| Оролцогчдын тухай мэдээ | edited by Thomas Grennes. |
| 260 ## - ГАРАЛТЫН МЭДЭЭ | |
| Хэвлэгдсэн газар | Boulder : |
| Хэвлэлийн газар | Westview Press, |
| Хэвлэгдсэн он | 1990. |
| 300 ## - МАТЕРИАЛЫН ТОДОРХОЙЛОЛТ | |
| хуудасны тоо | 306 p. : |
| Бусад тоон мэдээлэл | ill. ; |
| Хэмжээ | 24 cm. |
| 500 ## - Тайлбар | |
| Дансны дугаар | БС 4711 |
| 546 ## - ХЭЛНИЙ ТУХАЙ МЭДЭЭ | |
| Хэл | Англи хэл дээр, |
| 653 ## - Түлхүүр үг | |
| Түлхүүр үг | foreign exchange |
| 653 ## - Түлхүүр үг | |
| Түлхүүр үг | international finance |
| 653 ## - Түлхүүр үг | |
| Түлхүүр үг | produce trade |
| 700 1# - ХАМ ЗОХИОГЧИД | |
| Ба бус | Grennes, Thomas. |
| 740 ## - НОМЫН ГАРЧИГ | |
| Гарчиг | The Link Between financial Markets and World Agricultural Trade, Thomas Grennes |
| 740 ## - НОМЫН ГАРЧИГ | |
| Гарчиг | The Law of One Price |
| 740 ## - НОМЫН ГАРЧИГ | |
| Гарчиг | Real Exchange Rates in Developing Countries |
| 740 ## - НОМЫН ГАРЧИГ | |
| Гарчиг | Empirically Testing the Law of One Price in International Commodity Markets |
| 942 ## - ЭЛЕМЕНТИЙН ТӨРӨЛ | |
| Зүйлийн төрөл | Ном |
